| 000 | 00844nmm a2200265 a 4500 | ||
|---|---|---|---|
| 001 | ocm000608243 | ||
| 003 | TR-IsHL | ||
| 005 | 20201028133039.0 | ||
| 008 | 131121s2001 tu tur | ||
| 007 | cr cn | ||
| 020 | _a9789758257782 | ||
| 035 |
_a608243 _b(N$T) |
||
| 050 | 0 | 4 |
_aPL232 _b.U53 2001 |
| 090 | 0 | 4 |
_aPL232 _b.U53 2001 |
| 245 | 1 | 0 |
_aÜnlü şairleri en güzel aşk şiirleri 2 _h[electronic resource] / _cderl. Özcan Ünlü |
| 260 |
_aİstanbul : _bBirey Yayıncılık, _c2001 |
||
| 300 | _a240 p. | ||
| 650 | 4 | _aDil ve Edebiyat | |
| 650 | 4 | _aLanguage and Literature | |
| 650 | 0 | _aTürk şiiri | |
| 650 | 0 | _aTurkish poetry | |
| 650 | 7 |
_aLITERARY CRITICISM / Middle Eastern _2bisacsh |
|
| 700 | 1 | _aÜnlü, Özcan | |
| 856 | 4 | 0 | _uhttp://search.ebscohost.com/login.aspx?direct=true&scope=site&db=e011xww&AN=608243 |
| 999 |
_c5427 _d5427 |
||